Подробности
| 000 -МАРКЕР |
| контрольное поле |
02699nam0a2200445 4500 |
| 001 - ИДЕНТИФИКАТОР ЗАПИСИ |
| контрольное поле |
RU\NLR\bibl\1871536 |
| 005 - ИДЕНТИФИКАТОР ВЕРСИИ |
| контрольное поле |
20260407051232.0 |
| 021 ## - НОМЕР ГОСУДАРСТВЕННОЙ РЕГИСТРАЦИИ |
| Код страны |
Российская Федерация |
| Номер |
2012-6237 |
| Номер Листа государственной регистраци |
455 |
| 035 ## - ДРУГИЕ СИСТЕМНЫЕ НОМЕРА |
| Идентификатор записи |
(NLR Aleph) 001861373 |
| 100 ## - ДАННЫЕ ОБЩЕЙ ОБРАБОТКИ |
| Данные общей обработки |
20120218d2011 |||y0rusy50 ca |
| 101 0# - ЯЗЫК РЕСУРСА |
| Язык текста, звукозаписи и т.д. |
русский |
| 102 ## - СТРАНА ПУБЛИКАЦИИ ИЛИ ПРОИЗВОДСТВА |
| Страна публикации |
Российская Федерация |
| 105 ## - ПОЛЕ КОДИРОВАННЫХ ДАННЫХ: ТЕКСТОВЫЕ МАТЕРИАЛЫ, МОНОГРАФИЧЕСКИЕ |
| Кодированные данные о монографическом текстовом документе |
a z 000zy |
| 135 ## - ПОЛЕ КОДИРОВАННЫХ ДАННЫХ: ЭЛЕКТРОННЫЕ РЕСУРСЫ |
| Кодированные данные для электронного ресурса |
crmn mmmancda |
| 200 1# - ЗАГЛАВИЕ И СВЕДЕНИЯ ОБ ОТВЕТСТВЕННОСТИ |
| Основное заглавие |
Разработка и начало освоения программ совершенствования производства в подразделениях угледобывающего предприятия |
| Первые сведения об ответственности |
[Федоров А.В., Великосельский А.В., Маврин В.А. и др. |
| Последующие сведения об ответственности |
НИИОГР, СУЭК, Сибирская угольная энергетическая компания] |
| 210 ## - ПУБЛИКАЦИЯ, РАСПРОСТРАНЕНИЕ И ДР. |
| Место издания, распространения и т.д. |
Москва |
| Имя издателя, распространителя и т. д. |
Горная книга |
| Дата издания, распространения и т.д. |
2011 |
| 215 ## - ФИЗИЧЕСКАЯ ХАРАКТЕРИСТИКА |
| Специфическое обозначение материала и объем |
34, [2] с. |
| Другие сведения о физической характеристике |
ил., цв. ил. |
| Размеры |
20 |
| 225 1# - СЕРИЯ |
| Основное заглавие серии |
Библиотека горного инженера-руководителя |
| Обозначение тома |
вып. 15 |
| 225 1# - СЕРИЯ |
| Основное заглавие серии |
Горный информационно-аналитический бюллетень |
| Сведения, относящиеся к заглавию |
(научно-технический журнал) |
| Наименование части |
Отдельная статья |
| ISSN серии |
0236-1493 |
| Обозначение тома |
№ 11 |
| 300 ## - ОБЩИЕ ПРИМЕЧАНИЯ |
| Текст примечания |
Авт. указаны в макете |
| 320 ## - ПРИМЕЧАНИЯ О НАЛИЧИИ В ДОКУМЕНТЕ БИБЛИОГРАФИИ / УКАЗАТЕЛЯ |
| Текст примечания |
Библиогр. в конце кн. и в подстроч. примеч. |
| 325 ## - ПРИМЕЧАНИЕ О КОПИИ |
| Текст примечания |
Копия доступна в Электрон. б-ке РНБ |
| 606 1# - НАИМЕНОВАНИЕ ТЕМЫ КАК ПРЕДМЕТ |
| Наименование темы |
Угольная промышленность |
| Тематический подзаголовок |
Производительность труда |
| Системный номер авторитетной/нормативной записи |
2259951 |
| Идентификатор авторитетной/нормативной записи |
RU\NLR\AUTH\6601584974 |
| 686 1# - ИНДЕКСЫ ДРУГИХ КЛАССИФИКАЦИЙ |
| Индекс |
У30(2)565.1-641 |
| 701 #1 - ИМЯ ЛИЦА - АЛЬТЕРНАТИВНАЯ ОТВЕТСТВЕННОСТЬ |
| Материалы, к которым относится поле |
rus |
| Графика поля |
Кириллица |
| Начальный элемент ввода |
Федоров |
| Часть имени, кроме начального элемента ввода |
А. В. |
| Дополнения к именам, кроме дат |
специалист в обл. угольной пром-сти |
| Расширение инициалов личного имени |
Андрей Витальевич |
| Идентификатор авторитетной/нормативной записи |
RU\NLR\AUTH\77126642 |
| Системный номер авторитетной/нормативной записи |
109566 |
| 701 #1 - ИМЯ ЛИЦА - АЛЬТЕРНАТИВНАЯ ОТВЕТСТВЕННОСТЬ |
| Начальный элемент ввода |
Великосельский |
| Часть имени, кроме начального элемента ввода |
А. В. |
| Расширение инициалов личного имени |
Андрей Владимирович |
| 701 #1 - ИМЯ ЛИЦА - АЛЬТЕРНАТИВНАЯ ОТВЕТСТВЕННОСТЬ |
| Начальный элемент ввода |
Маврин |
| Часть имени, кроме начального элемента ввода |
В.А. |
| 712 02 - НАИМЕНОВАНИЕ ОРГАНИЗАЦИИ - ВТОРИЧНАЯ ОТВЕТСТВЕННОСТЬ |
| Код отношения |
Прочие |
| Начальный элемент ввода |
Научно-технический центр угольной промышленности по открытым горным работам |
| Идентифицирующий признак |
Челябинск |
| Идентификатор авторитетной/нормативной записи |
RU\NLR\AUTH\8810020432 |
| Системный номер авторитетной/нормативной записи |
538851 |
| 801 #0 - ИСТОЧНИК ЗАПИСИ |
| Страна |
Российская Федерация |
| Организация |
NLR |
| Дата составления |
20120218 |
| Правила каталогизации |
RCR |
| 801 #1 - ИСТОЧНИК ЗАПИСИ |
| Страна |
Российская Федерация |
| Организация |
NLR |
| Дата составления |
20120218 |
| 942 ## - ДОПОЛНИТЕЛЬНЫЕ ЭЛЕМЕНТЫ ЗАПИСИ (АБИС) |
| Тип экземпляра АБИС |
Книга |
| 980 ## - КОЛЛЕКЦИЯ |
| Название коллекции |
Национальная библиография |
| 980 ## - КОЛЛЕКЦИЯ |
| Название коллекции |
НБР |
| 981 13 - КОЛЛЕКЦИЯ ЭЛЕКТРОННОЙ БИБЛИОТЕКИ |
| Название коллекции |
Документы, защищенные авторским правом |
| Название подколлекции |
|